=LDR 00000nam 2200000 4500 =001 INLIS000000000809784 =008 ###################################ind## =035 ##$$a 0010-0825000277 =245 ##$$a Menjelajah Internet / $c M. Rezky =260 ##$$b Cahaya Pustaka Raga =020 ##$$a 49799415765 =084 ##$$a 070.1 ZKY m =520 ##$$a Saling menghadap (interfacing) dan komunikasi =082 ##$$a 070.1